000 00768nam a2200205Ii 4500
003 JO-AjNU
008 230605s9999||||xx |||||||||||||| ||und||
040 _aJO-AjNU
_bara
_erda
_cJO-AjNU
041 _aara
050 1 4 _aQK99 2002
100 3 _aتاليف ويتمان، دجون؛ تعريب سمير شيخاني,
_eauthor
_98980
245 0 0 _aقوة النباتات الخارقة للطبيعة: مفاجات مذهلة حول حياة النبات الغامضة
250 _aط1
264 3 1 _aبيروت: المكتبة الثقافية، 2002
300 _a160ص
_bصور توضبحية
336 _atext
_btxt
_2rdacontent
337 _aunmediated
_bn
_2rdamedia
338 _avolume
_bnc
_2rdacarrier
650 4 _aالنباتات - الطبيعة
_98981
999 _aA1065
_c4633
_d4633